| 000 | 00563nam a2200193Ia 4500 | ||
|---|---|---|---|
| 999 |
_c33450 _d33450 |
||
| 003 | OSt | ||
| 005 | 20200914111627.0 | ||
| 008 | 190216s9999||||xx |||||||||||||| ||und|| | ||
| 020 | _a9780071126052 | ||
| 040 | _coclc | ||
| 082 |
_a537.0202 _bEDM/T |
||
| 100 |
_aEdiminister, Joseph A _94565 |
||
| 245 | 0 |
_aTheory And Problems Of Electromagnetics / _cJoseph A Ediminister |
|
| 250 | _a2nd Ed. | ||
| 260 |
_bMcgraw -hill, _c1993. _aNew York: |
||
| 300 | _a322p | ||
| 650 | _aPhysics | ||
| 942 |
_cBK _2ddc _h537.0202 _iEDM/T _k537.0202 _mEDM/T |
||